Statistiche per Canzoni italiane

Clicka qui per fare il quiz!

Statistiche generali

  • Questo quiz è stato fatto 608 volte
  • Il punteggio medio è 5 su 15

Statistiche sulle risposte

Inizio canzoneTitolo o autore% Corretto
Essere o dover essere Il dubbio amleticoOccidentali's Karma - Francesco Gabbani
73%
Qui dove il mare luccica e tira forte il ventoCaruso - Lucio Dalla
68%
Ci fanno compagnia certe lettere d'amore, parole che restano con noiQuello Che Le Donne Non Dicono - Fiorella Mannoia
56%
A un passo dal possibile, a un passo da teEppure sentire - Elisa Toffoli
55%
Sono un peso per me stessaVuoto a perdere - Noemi
34%
Ci han concesso solo una vita: soddisfatti o no qua non rimborsano maiNon é tempo per noi - Luciano Liguabue
33%
Con te dovrò combattere, non ti si può pigliare come seiGrande grande grande - Mina Anna Mazzini
28%
Ore che lente e inesorabili attraversano il silenzio del mio cieloNuvole e lenzuola - Negramaro
25%
E se davvero tu vuoi vivere una vita luminosa e più fragranteLa collina dei ciliegi - Lucio Battisti
22%
La ragazza mi ha lasciato è colpa mia!Lunedì - Vasco Rossi
19%
Bendita dor me deixe em pazChega - Gaia Gozzi
16%
Sulla piazza d’una città la gente guardava con ammirazioneIl gorilla - Fabrizio De André
14%
Non so che viso avesse, neppure come si chiamavaLa locomotiva - Francesco Guccini
12%
Disegnerò nel cielo quello che non vediGuaranà - Elodie
11%
Io che non so scordarti mai, per te darei la vita miaUn'ora sola ti vorrei - Giorgia
11%

Distribuzione punteggi

Percentile per numero di risposta

Percentuale di utenti per punteggio

I tuoi punteggi nel tempo

Non hai fatto questo quiz